[Event "Titled Tuesday intern op 01st Apr Late"]
[Site "Chess.com INT"]
[Date "2025.04.01"]
[Round "2"]
[White "Guo, Felix1"]
[Black "Arango Arenas, Juan Camilo"]
[Result "1-0"]
[WhiteElo "2078"]
[BlackElo "2230"]
[PlyCount "81"]
[EventDate "2025.04.01"]
[EventType "swiss (blitz)"]
[EventRounds "11"]
[EventCountry "USA"]
[SourceTitle "CB21_2025"]
[SourceDate "2025.05.21"]
[SourceVersion "1"]
[SourceVersionDate "2025.05.21"]
[SourceQuality "1"]

1. e4 c5 2. Nf3 d6 3. c3 Nf6 4. h3 g6 5. Bd3 Bg7 6. Bc2 0-0 7. d4 a6 8. 0-0 b5 9. Re1 Bb7 10. Bg5 Nc6 11. e5 Nd5 12. Be4 dxe5 13. dxe5 Na5 14. Bxd5 Bxd5 15. Bxe7 Qxe7 16. Qxd5 Rfd8 17. Qe4 Nc4 18. b3 Nb6 19. Nbd2 Nd5 20. Rac1 b4 21. cxb4 cxb4 22. Nc4 Nc3 23. Qc2 a5 24. a3 Rac8 25. axb4 axb4 26. Ra1 Rc5 27. Ra6 Rcd5 28. Rd6 R5xd6 29. exd6 Qb7 30. Re7 Qd5 31. Qd2 Qxd2 32. Nfxd2 Bf8 33. Rb7 Bxd6 34. Nxd6 Rxd6 35. Nc4 Rd1+ 36. Kh2 Na2 37. Ne5 Rb1 38. Nxf7 Rxb3 39. Nh6+ Kh8 40. g4 Rb1 41. g5 1-0

[Event "Titled Tuesday intern op 01st Apr Late"]
[Site "Chess.com INT"]
[Date "2025.04.01"]
[Round "7"]
[White "Mendes, Aaron Reeve"]
[Black "Arango Arenas, Juan Camilo"]
[Result "1-0"]
[WhiteElo "2335"]
[BlackElo "2230"]
[PlyCount "65"]
[EventDate "2025.04.01"]
[EventType "swiss (blitz)"]
[EventRounds "11"]
[EventCountry "USA"]
[SourceTitle "CB15_2025"]
[SourceDate "2025.04.09"]
[SourceVersion "1"]
[SourceVersionDate "2025.04.09"]
[SourceQuality "1"]

1. e4 c5 2. Nf3 d6 3. d4 cxd4 4. Nxd4 Nf6 5. Nc3 g6 6. Be2 Nc6 7. Be3 Bg7 8. Qd2 Nxd4 9. Bxd4 0-0 10. 0-0-0 Be6 11. h4 Qa5 12. a3 Rfc8 13. h5 a6 14. hxg6 hxg6 15. Rh2 b5 16. Rdh1 b4 17. Nd5 Bxd5 18. exd5 Qxd5 19. Rh8+ Bxh8 20. Rxh8+ Kxh8 21. Bxf6+ exf6 22. Qxd5 Kg7 23. Bc4 Ra7 24. axb4 Re7 25. Bxa6 Rce8 26. Kd2 Re5 27. Qd3 d5 28. f4 Re1 29. Qxd5 Rg1 30. Bc4 Re7 31. b5 Rh1 32. b6 Rh8 33. Qd6 1-0

[Event "Titled Tuesday intern op 01st Apr Late"]
[Site "Chess.com INT"]
[Date "2025.04.01"]
[Round "5"]
[White "Villarreal, Agustin"]
[Black "Arango Arenas, Juan Camilo"]
[Result "1-0"]
[WhiteElo "2272"]
[BlackElo "2230"]
[PlyCount "55"]
[EventDate "2025.04.01"]
[EventType "swiss (blitz)"]
[EventRounds "11"]
[EventCountry "USA"]
[SourceTitle "CB21_2025"]
[SourceDate "2025.05.21"]
[SourceVersion "1"]
[SourceVersionDate "2025.05.21"]
[SourceQuality "1"]

1. Nf3 g6 2. c4 Bg7 3. Nc3 c5 4. d4 cxd4 5. Nxd4 Nc6 6. e3 Nf6 7. Be2 d5 8. 0-0 0-0 9. b3 e5 10. Nxc6 bxc6 11. Bb2 Be6 12. cxd5 cxd5 13. Rc1 Qa5 14. a3 Rfd8 15. b4 Qb6 16. Na4 Qd6 17. Nc5 Rab8 18. Qa4 a5 19. Qxa5 Ra8 20. Nb7 Qe7 21. Rc7 Qe8 22. Qb5 Rdb8 23. Rfc1 Bd7 24. Qc5 Ne4 25. Qc2 Bb5 26. Bf3 Nf6 27. Nd6 Qd8 28. Nxf7 1-0

[Event "Titled Tuesday intern op 04th Feb Late"]
[Site "Chess.com INT"]
[Date "2025.02.04"]
[Round "4"]
[White "Arango Arenas, Juan Camilo"]
[Black "Cieslak, Wiktoria"]
[Result "1-0"]
[WhiteElo "2230"]
[BlackElo "1919"]
[PlyCount "53"]
[EventDate "2025.02.04"]
[EventType "swiss (blitz)"]
[EventRounds "11"]
[EventCountry "USA"]
[SourceTitle "CB07_2025"]
[SourceDate "2025.02.12"]
[SourceVersion "1"]
[SourceVersionDate "2025.02.12"]
[SourceQuality "1"]

1. e4 c5 2. d4 cxd4 3. c3 Nf6 4. Bd3 Nc6 5. Nf3 dxc3 6. Nxc3 d6 7. Bc4 e6 8. 0-0 Be7 9. Qe2 0-0 10. Rd1 Qc7 11. Bf4 a6 12. Rac1 Qb8 13. h3 e5 14. Be3 Be6 15. Bxe6 fxe6 16. a3 b5 17. b4 Qb7 18. Qa2 Nd8 19. Ng5 Qd7 20. Nf3 Rc8 21. Nxe5 Qb7 22. Nf3 Nxe4 23. Nxe4 Qxe4 24. Rxc8 d5 25. Qc2 Qxc2 26. Rxc2 Nb7 27. Rc7 1-0

[Event "Titled Tuesday intern op 04th Feb Late"]
[Site "Chess.com INT"]
[Date "2025.02.04"]
[Round "2"]
[White "Arango Arenas, Juan Camilo"]
[Black "Nielsen Refs, Karl Emil Elmer"]
[Result "1/2-1/2"]
[WhiteElo "2230"]
[BlackElo "2095"]
[PlyCount "80"]
[EventDate "2025.02.04"]
[EventType "swiss (blitz)"]
[EventRounds "11"]
[EventCountry "USA"]
[SourceTitle "CB07_2025"]
[SourceDate "2025.02.12"]
[SourceVersion "1"]
[SourceVersionDate "2025.02.12"]
[SourceQuality "1"]

1. e4 e6 2. b3 d5 3. Bb2 dxe4 4. Nc3 Nf6 5. Qe2 Be7 6. 0-0-0 0-0 7. g4 b6 8. Nxe4 Bb7 9. Bg2 Nxe4 10. Bxe4 Bxe4 11. Qxe4 Nd7 12. Nf3 a5 13. a3 a4 14. b4 c5 15. b5 Ra5 16. c4 Bf6 17. Bc3 Bxc3 18. dxc3 Qe7 19. h4 Nf6 20. Qf4 e5 21. Nxe5 Qe6 22. Rhe1 Re8 23. g5 Nh5 24. Qf3 g6 25. Nxg6 Qxe1 26. Rxe1 Rxe1+ 27. Kd2 Re6 28. Nh8 Kxh8 29. Qxh5 Kg7 30. Qg4 Ra7 31. h5 Rd7+ 32. Kc2 Rde7 33. Kd1 Re1+ 34. Kd2 R1e6 35. Qf5 Rd7+ 36. Kc1 Re1+ 37. Kc2 Re2+ 38. Kc1 Re1+ 39. Kc2 Re2+ 40. Kc1 Re1+ 1/2-1/2

[Event "Titled Tuesday intern op 24th Sep Early"]
[Site "Chess.com INT"]
[Date "2024.09.24"]
[Round "5"]
[White "Stamatiou, Rodolfos"]
[Black "Arango Arenas, Juan Camilo"]
[Result "0-1"]
[WhiteElo "2308"]
[BlackElo "2230"]
[PlyCount "154"]
[EventDate "2024.09.24"]
[EventType "swiss (blitz)"]
[EventRounds "11"]
[EventCountry "USA"]
[SourceTitle "EXT 2025"]
[Source "ChessBase"]
[SourceDate "2024.10.14"]
[SourceVersion "1"]
[SourceVersionDate "2024.10.14"]
[SourceQuality "1"]

1. e4 c5 2. Nf3 d6 3. d4 cxd4 4. Nxd4 Nf6 5. Nc3 g6 6. Be3 Bg7 7. f3 0-0 8. Qd2 Nc6 9. 0-0-0 Bd7 10. Bc4 Rc8 11. Bb3 Nxd4 12. Bxd4 b5 13. Kb1 a5 14. Nd5 a4 15. Nxf6+ Bxf6 16. Bxf6 axb3 17. axb3 exf6 18. Qxd6 Be6 19. Qb4 Qc7 20. Rd2 Rfd8 21. Rxd8+ Rxd8 22. h4 Rc8 23. Rc1 Qe5 24. Qe7 Qd4 25. Qb7 b4 26. h5 Qd6 27. h6 Qd2 28. g4 Qd6 29. Ka1 Rb8 30. Qa7 Qd8 31. Kb1 Ra8 32. Qc5 Qb8 33. c4 bxc3 34. Rxc3 Bxb3 35. Qd4 Ba2+ 36. Kc1 Qd8 37. Qxd8+ Rxd8 38. Ra3 Be6 39. b4 f5 40. gxf5 gxf5 41. exf5 Bxf5 42. b5 Rb8 43. Rb3 Rb6 44. Kd2 Bd7 45. Ke3 Rxb5 46. Rd3 Be8 47. Rd8 Kf8 48. Kf4 Ke7 49. Ra8 Bd7 50. Ra7 Rh5 51. Ra6 Be6 52. Ra7+ Kf6 53. Ra8 Rxh6 54. Kg3 Rg6+ 55. Kf2 h5 56. Rh8 Kg5 57. Ra8 Rf6 58. Ra5+ Rf5 59. Ra1 Bd5 60. Rg1+ Kh6 61. Ke3 Rxf3+ 62. Kd4 Be6 63. Ke5 h4 64. Rg8 h3 65. Rh8+ Kg7 66. Rh4 Kg6 67. Rh8 Kg5 68. Rg8+ Kh4 69. Rh8+ Kg3 70. Rg8+ Kh2 71. Ke4 Rg3 72. Rh8 Kg2 73. Kf4 h2 74. Rh5 Rg4+ 75. Ke5 h1Q 76. Rxh1 Kxh1 77. Kf6 Kg2 0-1

[Event "Titled Tuesday intern op 03rd Sep Early"]
[Site "Chess.com INT"]
[Date "2024.09.03"]
[Round "3"]
[White "Arango Arenas, Juan Camilo"]
[Black "Kleiman, Jake"]
[Result "0-1"]
[WhiteElo "2230"]
[BlackElo "2399"]
[PlyCount "72"]
[EventDate "2024.09.03"]
[EventType "swiss (blitz)"]
[EventRounds "11"]
[EventCountry "USA"]
[SourceTitle "EXT 2025"]
[Source "ChessBase"]
[SourceDate "2024.10.14"]
[SourceVersion "1"]
[SourceVersionDate "2024.10.14"]
[SourceQuality "1"]

1. e4 e5 2. Nf3 Nc6 3. d4 exd4 4. Bc4 Nf6 5. e5 d5 6. Bb5 Ne4 7. Nxd4 Bd7 8. Bxc6 bxc6 9. 0-0 Bc5 10. f3 Ng5 11. f4 Ne4 12. Nc3 Nxc3 13. bxc3 0-0 14. Be3 f6 15. Qd2 fxe5 16. fxe5 Qe7 17. Nb3 Bb6 18. Rxf8+ Rxf8 19. Re1 Rf5 20. e6 Bxe6 21. Bxb6 axb6 22. Nd4 Rf6 23. Qe3 Qc5 24. Nxe6 Rxe6 25. Qxc5 Rxe1+ 26. Kf2 bxc5 27. Kxe1 Kf7 28. a4 Ke7 29. c4 Kd7 30. Kd2 Kc8 31. cxd5 cxd5 32. Ke3 Kb7 33. Kf4 Kb6 34. Ke5 c6 35. Kd6 c4 36. g4 d4 0-1

[Event "Titled Tuesday intern op 04th Jun Late"]
[Site "Chess.com INT"]
[Date "2024.06.04"]
[Round "8"]
[White "Arango Arenas, Juan Camilo"]
[Black "McCamon, Boyd"]
[Result "0-1"]
[WhiteElo "2230"]
[BlackElo "2260"]
[PlyCount "44"]
[EventDate "2024.06.04"]
[EventType "swiss (blitz)"]
[EventRounds "11"]
[EventCountry "USA"]
[SourceTitle "EXT 2025"]
[Source "ChessBase"]
[SourceDate "2024.10.14"]
[SourceVersion "1"]
[SourceVersionDate "2024.10.14"]
[SourceQuality "1"]

1. e4 g6 2. d4 d6 3. Nc3 c6 4. h4 Nf6 5. h5 Nxh5 6. Rxh5 gxh5 7. Qxh5 h6 8. Bc4 e6 9. Nf3 Rg8 10. Be3 b5 11. Bb3 Rxg2 12. 0-0-0 a5 13. d5 exd5 14. exd5 Bg4 15. Qh1 Bxf3 16. Re1 Be7 17. dxc6 Nxc6 18. Qxh6 Ne5 19. Nd5 a4 20. Bb6 Bg5+ 21. Kb1 Bxh6 22. Bxd8 axb3 0-1

[Event "Cali Valle Colombia op-A"]
[Site "Cali Valle Colombia"]
[Date "2022.12.30"]
[Round "9"]
[White "Arango Arenas, Juan Camilo"]
[Black "Esmeraldas Huachi, Anderson Yahir"]
[Result "1-0"]
[WhiteElo "2202"]
[BlackElo "2106"]
[PlyCount "49"]
[EventDate "2022.12.26"]
[EventType "swiss"]
[EventRounds "9"]
[EventCountry "COL"]
[SourceTitle "CBM 211 Extra"]
[Source "ChessBase"]
[SourceDate "2023.01.31"]
[SourceVersion "1"]
[SourceVersionDate "2023.01.31"]
[SourceQuality "1"]

1. e4 c5 2. d4 cxd4 3. c3 dxc3 4. Nxc3 e6 5. Nf3 d6 6. Bc4 Qc7 7. Qe2 a6 8. 0-0 b5 9. Bb3 Bb7 10. Bf4 Nc6 11. Rac1 Rd8 12. Rfe1 Be7 13. Nd5 Qb8 14. e5 exd5 15. exd6 Rxd6 16. Bxd5 Qd8 17. Bxd6 Qxd6 18. Red1 Nd4 19. Bxf7+ Kxf7 20. Rxd4 Qb6 21. Ne5+ Ke8 22. Rd7 Nf6 23. Ng6 Nd5 24. Rxe7+ Kd8 25. Rxb7 1-0

[Event "Cali Valle Colombia op-A"]
[Site "Cali Valle Colombia"]
[Date "2022.12.29"]
[Round "8"]
[White "Lopez Rayo, Isabella"]
[Black "Arango Arenas, Juan Camilo"]
[Result "0-1"]
[WhiteElo "1887"]
[BlackElo "2202"]
[PlyCount "64"]
[EventDate "2022.12.26"]
[EventType "swiss"]
[EventRounds "9"]
[EventCountry "COL"]
[SourceTitle "CBM 211 Extra"]
[Source "ChessBase"]
[SourceDate "2023.01.31"]
[SourceVersion "1"]
[SourceVersionDate "2023.01.31"]
[SourceQuality "1"]

1. e4 c5 2. Nf3 Nc6 3. d4 cxd4 4. Nxd4 Nf6 5. Nc3 e5 6. Ndb5 d6 7. Bg5 a6 8. Na3 b5 9. Nd5 Be7 10. Bxf6 Bxf6 11. c3 Ne7 12. Nxf6+ gxf6 13. Bd3 d5 14. Qe2 f5 15. f3 0-0 16. 0-0 dxe4 17. fxe4 f4 18. Nc2 Rb8 19. Rad1 Qb6+ 20. Kh1 Qg6 21. h3 Rb6 22. Qf2 Qh6 23. Ne1 Rg6 24. Nf3 Rg3 25. Nxe5 Bxh3 26. Qxf4 Bxg2+ 27. Kg1 Qh3 28. Kf2 Rg7 29. Rg1 Ng6 30. Qf5 Nxe5 31. Qxe5 Qf3+ 32. Ke1 Qe3+ 0-1

[Event "Cali Valle Colombia op-A"]
[Site "Cali Valle Colombia"]
[Date "2022.12.28"]
[Round "5"]
[White "Arango Arenas, Juan Camilo"]
[Black "Argote Heredia, Valentina"]
[Result "0-1"]
[WhiteElo "2202"]
[BlackElo "2165"]
[PlyCount "140"]
[EventDate "2022.12.26"]
[EventType "swiss"]
[EventRounds "9"]
[EventCountry "COL"]
[SourceTitle "CBM 211 Extra"]
[Source "ChessBase"]
[SourceDate "2023.01.31"]
[SourceVersion "1"]
[SourceVersionDate "2023.01.31"]
[SourceQuality "1"]

1. e4 c5 2. Nc3 Nc6 3. g3 g6 4. Bg2 Bg7 5. Nh3 Nf6 6. 0-0 d6 7. d3 Nd4 8. Ne2 d5 9. c3 Nc6 10. Be3 dxe4 11. dxe4 Qa5 12. Qc2 Ng4 13. Bd2 0-0 14. Nef4 Nge5 15. f3 Nc4 16. Bc1 Bd7 17. Ne2 b5 18. b3 Na3 19. Bxa3 Qxa3 20. Rad1 Bxh3 21. Bxh3 c4 22. Rd5 Rab8 23. f4 e6 24. Rd7 cxb3 25. axb3 Na5 26. Nc1 Qc5+ 27. Kh1 Bxc3 28. Nd3 Qc6 29. Rxa7 Qxe4+ 30. Bg2 Qd4 31. Ra6 Rbd8 32. Ne5 Qd2 33. Qb1 Bxe5 34. fxe5 Rc8 35. Rd6 Qc3 36. Qe4 Nxb3 37. Qf4 Nc5 38. Rf3 Qc2 39. h4 Ne4 40. Rd4 Qc1+ 41. Kh2 Qxf4 42. Rxf4 Nc3 43. Rd7 Rc5 44. Rf3 Nd5 45. Bh3 Rc2+ 46. Kg1 Rc7 47. Rd6 Ra8 48. Rf2 Ra1+ 49. Kh2 b4 50. Bg2 Ne3 51. Bh3 Rc2 52. Rd8+ Kg7 53. Rxc2 Nxc2 54. Rd7 Kf8 55. Rb7 Re1 56. Rb5 Re3 57. g4 b3 58. h5 Kg7 59. hxg6 hxg6 60. Bf1 Nd4 61. Rb7 Nf3+ 62. Kg2 Nxe5 63. Rb4 Rc3 64. g5 Rc2+ 65. Kg3 b2 66. Ba6 Nc6 67. Rb7 Nd4 68. Kf4 Rc6 69. Bd3 Rc3 70. Ke4 Nb3 0-1

[Event "Cali Valle Colombia op-A"]
[Site "Cali Valle Colombia"]
[Date "2022.12.27"]
[Round "4"]
[White "Lopez Rayo, Santiago"]
[Black "Arango Arenas, Juan Camilo"]
[Result "1-0"]
[WhiteElo "2306"]
[BlackElo "2202"]
[PlyCount "75"]
[EventDate "2022.12.26"]
[EventType "swiss"]
[EventRounds "9"]
[EventCountry "COL"]
[SourceTitle "CBM 211 Extra"]
[Source "ChessBase"]
[SourceDate "2023.01.31"]
[SourceVersion "1"]
[SourceVersionDate "2023.01.31"]
[SourceQuality "1"]

1. e4 c5 2. Nf3 Nc6 3. d4 cxd4 4. Nxd4 Nf6 5. Nc3 e5 6. Ndb5 d6 7. Bg5 a6 8. Na3 b5 9. Nd5 Be7 10. Bxf6 Bxf6 11. c3 Ne7 12. Nxf6+ gxf6 13. Nc2 Bb7 14. Bd3 d5 15. exd5 Qxd5 16. Ne3 Qe6 17. a4 Rd8 18. Qe2 e4 19. Bc2 b4 20. cxb4 f5 21. Qc4 Rg8 22. Qc7 Nd5 23. Nxd5 Bxd5 24. a5 Rc8 25. Ba4+ Kf8 26. Qb6 Rxg2 27. Rd1 f4 28. Qd4 Rg5 29. h4 Re5 30. Bd7 Rc4 31. Bxe6 Rxd4 32. Rxd4 fxe6 33. Rg1 Rh5 34. b5 axb5 35. a6 Bc6 36. a7 Rc5 37. Kd2 b4 38. Ra1 1-0

[Event "Cali Valle Colombia op-A"]
[Site "Cali Valle Colombia"]
[Date "2022.12.26"]
[Round "2"]
[White "Arango Arenas, Juan Camilo"]
[Black "Pazos Gambarrotti, Plinio Efrain"]
[Result "1-0"]
[WhiteElo "2202"]
[BlackElo "2083"]
[PlyCount "36"]
[EventDate "2022.12.26"]
[EventType "swiss"]
[EventRounds "9"]
[EventCountry "COL"]
[SourceTitle "CBM 211 Extra"]
[Source "ChessBase"]
[SourceDate "2023.01.31"]
[SourceVersion "1"]
[SourceVersionDate "2023.01.31"]
[SourceQuality "1"]

1. e4 e6 2. d4 d5 3. Nc3 Bb4 4. Nge2 dxe4 5. a3 Bxc3+ 6. Nxc3 Nf6 7. Bg5 h6 8. Bh4 Nc6 9. Bb5 Bd7 10. Nxe4 g5 11. Nxf6+ Qxf6 12. Bg3 Qf5 13. d5 Qe4+ 14. Kf1 0-0-0 15. d6 Nd4 16. Bd3 Bb5 17. c4 Bxc4 18. Bxc4 h5 1-0

[Event "Jamundi Fortalece Sede op"]
[Site "Jamundi"]
[Date "2022.12.11"]
[Round "10"]
[White "Arango Arenas, Juan Camilo"]
[Black "Cruz, Cristhian"]
[Result "0-1"]
[WhiteElo "2202"]
[BlackElo "2532"]
[PlyCount "44"]
[EventDate "2022.12.05"]
[EventType "swiss"]
[EventRounds "10"]
[EventCountry "COL"]
[SourceTitle "CBM 211 Extra"]
[Source "ChessBase"]
[SourceDate "2023.01.31"]
[SourceVersion "1"]
[SourceVersionDate "2023.01.31"]
[SourceQuality "1"]

1. e4 c5 2. d4 cxd4 3. c3 dxc3 4. Nxc3 Nc6 5. Nf3 g6 6. Bc4 Bg7 7. 0-0 d6 8. Qb3 Na5 9. Bb5+ Bd7 10. Qa3 Bxb5 11. Nxb5 Nf6 12. Rd1 0-0 13. e5 Ne4 14. Qd3 dxe5 15. Qe2 Nd6 16. Nxe5 Qc8 17. Bd2 Nc6 18. Bc3 Nxb5 19. Qxb5 Qf5 20. Re1 Rfd8 21. Re2 Bxe5 22. Bxe5 Nb8 0-1

[Event "Jamundi Fortalece Sede op"]
[Site "Jamundi"]
[Date "2022.12.10"]
[Round "9"]
[White "Arango Arenas, Juan Camilo"]
[Black "Herrera, Juan Sebastian"]
[Result "1-0"]
[WhiteElo "2202"]
[BlackElo "2316"]
[PlyCount "61"]
[EventDate "2022.12.05"]
[EventType "swiss"]
[EventRounds "10"]
[EventCountry "COL"]
[SourceTitle "CBM 211 Extra"]
[Source "ChessBase"]
[SourceDate "2023.01.31"]
[SourceVersion "1"]
[SourceVersionDate "2023.01.31"]
[SourceQuality "1"]

1. e4 c5 2. Nf3 e6 3. d4 cxd4 4. Nxd4 a6 5. Nc3 Qc7 6. g3 Bb4 7. Bd2 Nf6 8. Bg2 Nc6 9. Nb3 Be7 10. 0-0 b5 11. a3 Bb7 12. f4 d6 13. Be3 Rc8 14. Qe2 0-0 15. g4 Rfd8 16. g5 Ne8 17. Qh5 g6 18. Qh4 Na5 19. Nxa5 Qxa5 20. Qf2 d5 21. f5 gxf5 22. exf5 e5 23. g6 Nf6 24. Kh1 Ng4 25. Qg3 Rc4 26. f6 Bf8 27. gxh7+ Kxh7 28. Rf5 Nh6 29. Rg5 Rxc3 30. Rg7+ Kh8 31. Qg5 1-0

[Event "Jamundi Fortalece Sede op"]
[Site "Jamundi"]
[Date "2022.12.08"]
[Round "5"]
[White "Arango Arenas, Juan Camilo"]
[Black "Londono Lopez, Donaldo Eliuver"]
[Result "1-0"]
[WhiteElo "2202"]
[BlackElo "2057"]
[PlyCount "52"]
[EventDate "2022.12.05"]
[EventType "swiss"]
[EventRounds "10"]
[EventCountry "COL"]
[SourceTitle "CBM 211 Extra"]
[Source "ChessBase"]
[SourceDate "2023.01.31"]
[SourceVersion "1"]
[SourceVersionDate "2023.01.31"]
[SourceQuality "1"]

1. e4 c5 2. Nc3 a6 3. a4 Nc6 4. Bc4 g6 5. f4 Bg7 6. Nf3 d6 7. 0-0 Nf6 8. d3 0-0 9. Qe1 Nd4 10. Nxd4 cxd4 11. Nd5 Nxd5 12. Bxd5 e6 13. Bb3 Bd7 14. Qg3 Kh8 15. f5 gxf5 16. exf5 e5 17. Qf3 Bc6 18. Qh5 Qe7 19. Bd2 Bf6 20. Rf2 Bh4 21. Re2 d5 22. Rf1 Rg8 23. Rf3 Bg5 24. f6 Bxf6 25. Ref2 Bh4 26. g3 Bf6 1-0

[Event "Liga Vallecaucana"]
[Site "Cali"]
[Date "2022.04.02"]
[Round "6.1"]
[White "Acosta Angulo, Mariana Valentina"]
[Black "Arango Arenas, Juan Camilo"]
[Result "0-1"]
[WhiteElo "1515"]
[BlackElo "2205"]
[PlyCount "66"]
[EventDate "2022.03.30"]
[EventType "schev"]
[EventRounds "7"]
[EventCountry "COL"]
[SourceTitle "EXT 2023"]
[Source "ChessBase"]
[SourceDate "2022.10.05"]
[SourceVersion "1"]
[SourceVersionDate "2022.10.05"]
[SourceQuality "1"]
[WhiteTeam "Equipo B"]
[BlackTeam "Equipo A"]
[WhiteTeamCountry "COL"]
[BlackTeamCountry "COL"]

1. e4 c5 2. Nf3 d6 3. d4 cxd4 4. Nxd4 Nf6 5. f3 e5 6. Nb3 d5 7. exd5 Nxd5 8. Bb5+ Nc6 9. Bxc6+ bxc6 10. Bd2 Be7 11. 0-0 Qb6+ 12. Kh1 0-0 13. Nc3 Rd8 14. Nxd5 cxd5 15. Ba5 Qd6 16. Bxd8 Bxd8 17. Qd2 Bc7 18. Rad1 Bb7 19. Qg5 h6 20. Qg3 Re8 21. Rfe1 Re6 22. a3 Qb6 23. Qh4 e4 24. fxe4 dxe4 25. Qh5 Re5 26. Qe2 e3 27. Rd7 Rg5 28. Rg1 Qc6 29. Rxc7 Qxc7 30. Nd4 Qf4 31. Nf3 Rg6 32. Re1 Rxg2 33. Kxg2 Qg4+ 0-1

[Event "Liga Vallecaucana"]
[Site "Cali"]
[Date "2022.04.01"]
[Round "5.1"]
[White "Arango Arenas, Juan Camilo"]
[Black "Fitzgerald, Daniela"]
[Result "1-0"]
[WhiteElo "2205"]
[BlackElo "1682"]
[PlyCount "65"]
[EventDate "2022.03.30"]
[EventType "schev"]
[EventRounds "7"]
[EventCountry "COL"]
[SourceTitle "EXT 2023"]
[Source "ChessBase"]
[SourceDate "2022.10.05"]
[SourceVersion "1"]
[SourceVersionDate "2022.10.05"]
[SourceQuality "1"]
[WhiteTeam "Equipo A"]
[BlackTeam "Equipo B"]
[WhiteTeamCountry "COL"]
[BlackTeamCountry "COL"]

1. e4 d5 2. exd5 Qxd5 3. Nc3 Qa5 4. Nf3 Nf6 5. d4 Bf5 6. Ne5 Nbd7 7. Nc4 Qa6 8. Bf4 Qe6+ 9. Be2 Nd5 10. Nxd5 Qxd5 11. Ne3 Qa5+ 12. c3 e6 13. Qb3 Qb6 14. Qxb6 Nxb6 15. Nxf5 exf5 16. Bxc7 Nd5 17. Bg3 f4 18. Bf3 fxg3 19. Bxd5 gxf2+ 20. Kxf2 0-0-0 21. Bxf7 Rd6 22. Rhf1 Be7 23. Kg1 Bf6 24. a4 a5 25. Rf5 b6 26. Re1 Kd7 27. Bc4 Rf8 28. Ref1 Kc7 29. g4 Rdd8 30. g5 Be7 31. Rf7 Kd6 32. Rxg7 Rxf1+ 33. Bxf1 1-0

[Event "Liga Vallecaucana"]
[Site "Cali"]
[Date "2022.04.01"]
[Round "4.1"]
[White "Dominguez, Laura Lucia"]
[Black "Arango Arenas, Juan Camilo"]
[Result "1-0"]
[WhiteElo "1988"]
[BlackElo "2205"]
[PlyCount "28"]
[EventDate "2022.03.30"]
[EventType "schev"]
[EventRounds "7"]
[EventCountry "COL"]
[SourceTitle "EXT 2023"]
[Source "ChessBase"]
[SourceDate "2022.10.05"]
[SourceVersion "1"]
[SourceVersionDate "2022.10.05"]
[SourceQuality "1"]
[WhiteTeam "Equipo B"]
[BlackTeam "Equipo A"]
[WhiteTeamCountry "COL"]
[BlackTeamCountry "COL"]

1. c4 e5 2. Nc3 Bb4 3. g3 Bxc3 4. bxc3 d5 5. cxd5 Qxd5 6. Nf3 e4 7. Nd4 Nf6 8. Bg2 0-0 9. 0-0 Qh5 10. f3 c5 11. Nc2 Nc6 12. d4 exf3 13. exf3 cxd4 14. Nxd4 Ne5 1-0

[Event "Buenaventura op"]
[Site "Buenaventura"]
[Date "2021.10.10"]
[Round "7"]
[White "Arango Arenas, Juan Camilo"]
[Black "Narvaez Ramirez, Faber Alberto"]
[Result "0-1"]
[WhiteElo "2223"]
[BlackElo "2093"]
[PlyCount "94"]
[EventDate "2021.10.08"]
[EventType "swiss"]
[EventRounds "7"]
[EventCountry "COL"]
[SourceTitle "EXT 2023"]
[Source "ChessBase"]
[SourceDate "2022.10.05"]
[SourceVersion "1"]
[SourceVersionDate "2022.10.05"]
[SourceQuality "1"]

1. e4 e6 2. d4 d5 3. Nc3 Bb4 4. e5 Qd7 5. Bd2 b6 6. Nb5 Bxd2+ 7. Qxd2 a6 8. Na3 Ne7 9. Nf3 Bb7 10. Bd3 c5 11. c4 cxd4 12. 0-0 0-0 13. Qg5 h6 14. Qf4 f5 15. exf6 Rxf6 16. Qg4 Nbc6 17. cxd5 Nxd5 18. Qe4 b5 19. Qh7+ Kf7 20. Rac1 Qd6 21. Rfe1 Rxf3 22. Qg6+ Kf8 23. gxf3 Nf4 24. Qg3 Rd8 25. Rcd1 Nb4 26. Be4 Bxe4 27. Rxe4 e5 28. Nb1 Nxa2 29. Kh1 Qf6 30. Nd2 Nb4 31. Rc1 Nbd3 32. Rc7 Kg8 33. Nb3 Nh5 34. Qg2 Qd6 35. Ra7 Rc8 36. Rg4 Rc7 37. Rg6 Qd8 38. Rgxa6 Rxa7 39. Rxa7 Qd5 40. Nd2 Qc6 41. Ne4 Qc1+ 42. Qg1 Qf4 43. Qg4 Qc1+ 44. Qg1 Qc6 45. Qg4 Ndf4 46. h3 d3 47. Qf5 Ng3+ 0-1

[Event "Buenaventura op"]
[Site "Buenaventura"]
[Date "2021.10.09"]
[Round "5"]
[White "Arango Arenas, Juan Camilo"]
[Black "Restrepo, Romario"]
[Result "1-0"]
[WhiteElo "2223"]
[BlackElo "1546"]
[PlyCount "47"]
[EventDate "2021.10.08"]
[EventType "swiss"]
[EventRounds "7"]
[EventCountry "COL"]
[SourceTitle "EXT 2023"]
[Source "ChessBase"]
[SourceDate "2022.10.05"]
[SourceVersion "1"]
[SourceVersionDate "2022.10.05"]
[SourceQuality "1"]

1. e4 c5 2. d4 cxd4 3. c3 d3 4. Bxd3 Nc6 5. Nf3 d6 6. 0-0 g6 7. c4 Bg7 8. h3 Nf6 9. Nc3 0-0 10. Qe2 Nb4 11. Rd1 Nxd3 12. Rxd3 Qc7 13. b3 a6 14. Bf4 e5 15. Bg5 Be6 16. Rad1 Ne8 17. c5 f6 18. cxd6 Qd7 19. Na4 Qb5 20. Be3 Rc8 21. Nc5 Bd7 22. a4 Qc6 23. Rc1 Nxd6 24. Qd1 1-0

[Event "Buenaventura op"]
[Site "Buenaventura"]
[Date "2021.10.08"]
[Round "1"]
[White "Arango Arenas, Juan Camilo"]
[Black "Torres Benitez, Carlos Alberto"]
[Result "1-0"]
[WhiteElo "2223"]
[BlackElo "1458"]
[PlyCount "29"]
[EventDate "2021.10.08"]
[EventType "swiss"]
[EventRounds "7"]
[EventCountry "COL"]
[SourceTitle "EXT 2023"]
[Source "ChessBase"]
[SourceDate "2022.10.05"]
[SourceVersion "1"]
[SourceVersionDate "2022.10.05"]
[SourceQuality "1"]

1. e4 e5 2. Bc4 Nf6 3. d4 d5 4. exd5 Nxd5 5. dxe5 Nb6 6. Bxf7+ Kxf7 7. Qxd8 Nc6 8. Qd1 Nxe5 9. Qh5+ Ng6 10. Nf3 Bd6 11. 0-0 Bd7 12. Nc3 Bc6 13. Be3 Nc4 14. Qf5+ Kg8 15. Qe6+ 1-0